Germania in autunno /

保存先:
書誌詳細
その他の著者: Jürges, Jürgen (写真家), Schmidt-Reitwein, Jörg (写真家), Ballhaus, Michael (写真家), Cloos, Hans Peter (俳優), Kluge, Alexander (デイレクター), Fassbinder, Rainer Werner (デイレクター), Biermann, Wolf (俳優), Reitz, Edgar (デイレクター), Griem, Helmut (俳優), Lohmann, Dietrich (写真家), Bennent, Heinz (俳優), Brustellin, Alf (デイレクター), Sinkel, Bernhard (デイレクター), Rupe, Katja (デイレクター), Mainka, Maximiliane (デイレクター), Chaniolleau, Caroline (俳優), Kessler, Bodo (写真家), Mounier, Colin (写真家), Schubert, Peter (デイレクター), Glowna, Vadim (俳優), Steinbach, Peter (映画編集者), Schlöndorff, Volker (デイレクター), Hoger, Hannelore (俳優), Winkler, Angela (俳優), Mainka-Jellinghaus, Beate (デイレクター), Genée, Heidi (映画編集者), Schmidbauer, Tanja (映画編集者), Warnckdrehbuch, Christian (映画編集者), Gotz Dickopp, Mulle (映画編集者)
フォーマット: スライド
言語:イタリア語
ドイツ語
出版事項: 1 DVD video (124 min.) : color., sonoro
主題:
タグ: タグ追加
タグなし, このレコードへの初めてのタグを付けませんか!

MARC

LEADER 00000ngm a22000007ib4500
001 IT\ICCU\LO1\1082324
003 ItRI
005 20260124182818.0
008 061010s2005 it |||||||||||||||k|||||c
028 4 2 |a PSV9147 
040 |b ita 
041 7 |a ita  |a ger  |2 ISO-639-2 
130 0 |a Deutschland im Herbst <film ; 1978>  |3 IT\ICCU\UBO\2766468 
245 0 0 |a Germania in autunno /  |c [Rainer Werner Fassbinder ... et al.] ; fotografia di Michael Ballhaus, Jurgen Jurges, Bodo Kessler ... [et al.] - [Campi Bisenzio] : Dolmen home video, [2005]. 
246 1 3 |a Germania in autunno <risorsa elettronica>  |9 IT\ICCU\CAG\1006261 
260 |a 1 DVD video (124 min.) :  |b color., sonoro 
500 |a Tit. del contenitore 
500 |a Lingue: italiano, tedesco; sottotitoli in italiano per non udenti 
500 |a Data di produzione cinematografica: Germania, 1978 
500 |a Caratteristiche tecniche: codice area assente; 4/4, 1.66:1; Dolby digital 2.0 
500 |a Interpreti principali: Rainer Werner Fassbinder, Helmut Griem, Angela Winkler, Hannelore Hoger, Heinz Bennent, Wolf Biermann 
500 |a Contenuti extra: trailer originale, filmografia del regista, cronistoria. 
650 7 |a Film tedeschi  |2 scbi 
650 7 |a FILM DRAMMATICI  |2 scbi 
700 1 |a Jürges, Jürgen  |0 IT\ICCU\LO1V\301334  |4 pht 
700 1 |a Schmidt-Reitwein, Jörg  |0 IT\ICCU\LO1V\324950  |4 pht 
700 1 |a Ballhaus, Michael  |0 IT\ICCU\MODV\147182  |4 pht 
700 1 |a Cloos, Hans Peter  |0 IT\ICCU\NAPV\097459  |4 act 
700 1 |a Kluge, Alexander  |0 IT\ICCU\RAVV\029633  |4 drt 
700 1 |a Fassbinder, Rainer Werner  |0 IT\ICCU\RAVV\057361  |4 drt 
700 1 |a Biermann, Wolf  |0 IT\ICCU\RAVV\080118  |4 act 
700 1 |a Reitz, Edgar  |0 IT\ICCU\RAVV\089452  |4 drt 
700 1 |a Griem, Helmut  |0 IT\ICCU\RAVV\098025  |4 act 
700 1 |a Lohmann, Dietrich  |0 IT\ICCU\RAVV\285219  |4 pht 
700 1 |a Bennent, Heinz  |0 IT\ICCU\RAVV\369311  |4 act 
700 1 |a Brustellin, Alf  |0 IT\ICCU\RAVV\589410  |4 drt 
700 1 |a Sinkel, Bernhard  |0 IT\ICCU\RAVV\589412  |4 drt 
700 1 |a Rupe, Katja  |0 IT\ICCU\RAVV\589416  |4 drt 
700 1 |a Mainka, Maximiliane  |0 IT\ICCU\RAVV\589417  |4 drt 
700 1 |a Chaniolleau, Caroline  |0 IT\ICCU\RAVV\589418  |4 act 
700 1 |a Kessler, Bodo  |0 IT\ICCU\RAVV\589419  |4 pht 
700 1 |a Mounier, Colin  |0 IT\ICCU\RAVV\589420  |4 pht 
700 1 |a Schubert, Peter  |0 IT\ICCU\RAVV\589421  |4 drt 
700 1 |a Glowna, Vadim  |0 IT\ICCU\RAVV\589422  |4 act 
700 1 |a Steinbach, Peter  |0 IT\ICCU\TO0V\088572  |4 flm 
700 1 |a Schlöndorff, Volker  |0 IT\ICCU\UBOV\054463  |4 drt 
700 1 |a Hoger, Hannelore  |0 IT\ICCU\UBOV\489912  |4 act 
700 1 |a Winkler, Angela  |0 IT\ICCU\UBOV\490552  |4 act 
700 1 |a Mainka-Jellinghaus, Beate  |0 IT\ICCU\UFIV\156164  |4 drt 
700 1 |a Genée, Heidi  |0 IT\ICCU\VEAV\461367  |4 flm 
700 1 |a Schmidbauer, Tanja  |0 IT\ICCU\VEAV\461368  |4 flm 
700 1 |a Warnckdrehbuch, Christian  |0 IT\ICCU\VEAV\461369  |4 flm 
700 1 |a Gotz Dickopp, Mulle  |0 IT\ICCU\VEAV\461371  |4 flm 
773 0 |w IT\ICCU\LO1\1082263  |t Collezione R. W. Fassbinder  |g 3 
790 1 |a Fassbinder, Werner  |3 IT\ICCU\SBNV\033758  |z Fassbinder, Rainer Werner 
790 1 |a Fassbinder, R. W.  |3 IT\ICCU\SBNV\033759  |z Fassbinder, Rainer Werner 
790 1 |a Fassbinder, Rainer  |3 IT\ICCU\SBNV\033760  |z Fassbinder, Rainer Werner 
942 |2 ddc  |c VM  |n 0 
952 |0 0  |1 0  |4 0  |6 VO_1297_000000000000000  |7 0  |9 26731  |a BO  |b BO  |d 2026-01-24  |i 9899  |l 0  |o VO 1297  |p BO9899  |r 2026-01-24 18:28:18  |w 2026-01-24  |x [Sebina 7] [7 dvd]  |y VM  |z dvd 3 
999 |c 22607  |d 22607